Édouard Cothenet, Découvrir les Apocryphes chrétiens. Art et religion populaire, illustrations choisies et commentées par Christine Pellistrandi, Paris, Desclée de Brouwer, 2009 (notice n° 1583188)

détails MARC
000 -LEADER
fixed length control field 01600cam a2200157 4500500
005 - DATE AND TIME OF LATEST TRANSACTION
control field 20251228052255.0
041 ## - LANGUAGE CODE
Language code of text/sound track or separate title fre
042 ## - AUTHENTICATION CODE
Authentication code dc
100 10 - MAIN ENTRY--PERSONAL NAME
Personal name Berder, Michel
Relator term author
245 00 - TITLE STATEMENT
Title Édouard Cothenet, Découvrir les Apocryphes chrétiens. Art et religion populaire, illustrations choisies et commentées par Christine Pellistrandi, Paris, Desclée de Brouwer, 2009
260 ## - PUBLICATION, DISTRIBUTION, ETC.
Date of publication, distribution, etc. 2010.<br/>
500 ## - GENERAL NOTE
General note 39
520 ## - SUMMARY, ETC.
Summary, etc. RésuméLe Cycle C a commandé une enquête sociologique réalisée en janvier 2010 auprès de ses étudiants actuels et anciens. Environ 500 réponses ont été analysées. Cette enquête a été menée par Jean-François Barbier-Bouvet, sociologue, et Éric Vinson, journaliste spécialisé dans les questions spirituelles et religieuses. Sont successivement abordés un portrait des étudiants actuels et anciens (profil socio-démographique et profil religieux), une analyse de leur démarche de formation (motivations, intérêts, adéquation) et, pour finir, la question des « débouchés » et des impacts, aussi bien sociétaux qu’ecclésiaux. On trouvera à chaque étape des réactions et commentaires du théologien Henri-Jérôme Gagey. L’élément le plus étonnant de cette enquête est qu’elle fait apparaître un réel impact sociétal des acquis théologiques, qu’il faut distinguer de l’impact lié aux charges ecclésiales confiées à des laïcs.
786 0# - DATA SOURCE ENTRY
Note Transversalités | 115 | 3 | 2010-09-01 | p. 208c-209c | 1286-9449
856 41 - ELECTRONIC LOCATION AND ACCESS
Uniform Resource Identifier <a href="https://shs.cairn.info/revue-transversalites-2010-3-page-208c?lang=fr&redirect-ssocas=7080">https://shs.cairn.info/revue-transversalites-2010-3-page-208c?lang=fr&redirect-ssocas=7080</a>

Pas d'exemplaire disponible.

PLUDOC

PLUDOC est la plateforme unique et centralisée de gestion des bibliothèques physiques et numériques de Guinée administré par le CEDUST. Elle est la plus grande base de données de ressources documentaires pour les Étudiants, Enseignants chercheurs et Chercheurs de Guinée.

Adresse

627 919 101/664 919 101

25 boulevard du commerce
Kaloum, Conakry, Guinée

Réseaux sociaux

Powered by Netsen Group @ 2025